000 01003nam a2200253 u 4500
001 000004825
005 20200929151519.0
008 090727s2001 dr 001 0 spa d
020 _z99993425141
040 _aDO-SdBNP
_bspa
_cBNPHU
082 _a346.045
_bA657d
100 1 _aAquino, José Ángel
_93205
245 1 0 _aDerecho de la construcción /
_cJosé Ángel Aquino.
260 _aSanto Domingo :
_bInstituto Tecnológico de Santo Domingo,
_c2001.
300 _a161 p. :
_bil., gráfcs. ;
_c22 cm.
500 _aIncluye índice temático.
500 _aIncluye datos biográficos del autor en la solapa de la contracubierta.
500 _aIncluye referencias bibliográficas y notas al pie de las páginas.
504 _aBibliografía: p. 153-156
590 _aInventariado, 2018/LP
650 4 _aConstrucción
_xLegislación
_zRepública Dominicana
_914009
650 4 _aConstrucción
_xContratos y especificaciones
_zRepública Dominicana
_914010
910 _aValidado. Control de calidad EMS
999 _c4631
_d4631